UM Logo

Pambansang diksyunaryo sa Filipino / (Record no. 18577)

MARC details
000 -LEADER
fixed length control field 00518nam a22001457a 4500
008 - FIXED-LENGTH DATA ELEMENTS--GENERAL INFORMATION
fixed length control field 231204b ||||| |||| 00| 0 eng d
020 ## - INTERNATIONAL STANDARD BOOK NUMBER
International Standard Book Number 9786214481361
082 ## - DEWEY DECIMAL CLASSIFICATION NUMBER
Edition number 2021
Classification number DRef 499.21103
Item number Al62
100 ## - MAIN ENTRY--PERSONAL NAME
Personal name Almario, Virgilio S.
9 (RLIN) 50361
245 ## - TITLE STATEMENT
Title Pambansang diksyunaryo sa Filipino /
Statement of responsibility, etc. Virgilio S. Almario.
260 ## - PUBLICATION, DISTRIBUTION, ETC. (IMPRINT)
Place of publication, distribution, etc. Quezon City :
Name of publisher, distributor, etc. Ateneo de manila university press,
Date of publication, distribution, etc. ©2021.
300 ## - PHYSICAL DESCRIPTION
Extent xxi, 1148 pages :
Other physical details illustrations ;
Dimensions 28.5 cm.
650 ## - SUBJECT ADDED ENTRY--TOPICAL TERM
Topical term or geographic name as entry element Filipino language
Form subdivision Dictionaries.
9 (RLIN) 50402
942 ## - ADDED ENTRY ELEMENTS (KOHA)
Source of classification or shelving scheme Dewey Decimal Classification
Koha item type Reference
Holdings
Withdrawn status Lost status Source of classification or shelving scheme Damaged status Not for loan Collection code Home library Current library Date acquired Source of acquisition Cost, normal purchase price Total Checkouts Full call number Barcode Date last seen Price effective from Koha item type
    Dewey Decimal Classification     Reference UM Digos College - LIC UM Digos College - LIC 08/08/2023 Purchased 3975.00   DRef 499.21103 Al62 2021 27584 05/15/2025 12/04/2023 Reference